Excel 7 : Pendekatan langkah demi langkah

Bibliographic Details
Main Author: Pulkkinen,H
Format: Book
Published: Selangor : Federal publications sdn.bhd. , 1998
Subjects:

MARC

LEADER 00000cam a2200000 7i4500
001 0000058529
005 20160111.0
008 160111
020 |a 983580303X 
090 0 0 |a 005.369   |b PUL 
100 1 |a Pulkkinen,H 
245 1 1 |a Excel 7 :   |b Pendekatan langkah demi langkah   |c H.Pulkkinen;E.Valtanen 
260 |a Selangor :   |b Federal publications sdn.bhd. ,   |c 1998 
650 0 |a Business,computer programs 
650 0 |a Electronic spreadsheets 
999 |a 0000796491   |b Book   |c Adult Collection   |e Cawangan Segamat 
999 |a 0000798659   |b Book   |c Adult Collection   |e Cawangan Pontian 
999 |a 0000818875   |b Book   |c Adult Collection   |e Cawangan Mersing